000 00604nam a22001697a 4500
020 _qHard Cover.
082 _a004
100 _aTariq, by Zain ul Abideen
245 _aDevelopment of Application Layer Vulnerability Exploitation Training Platform /
_cBy Zain ul abideen Tariq.
260 _aIslamabad:
_bSEECS - NUST,
_c2012.
300 _a103 p. :
_bill. ;
_c30cm.
650 _aComputer Science MS-Thesis.
_916114
700 _aDr. Fauzan Mirza
_927044
856 _uhttp://10.250.8.41:8080/xmlui/handle/123456789/10575
942 _2ddc
_cTHE
999 _c533235
_d533235